000 00546nam a2200205 a 4500
001 19250
003 CO-ViMGA
008 141112s2004 ck r 000 u spa d
020 _a9584201093
040 _aCO-ViMGA
_bspa
_cCO-ViMGA
082 0 4 _aA863.6 S111
100 1 _aSabato, Ernesto
245 1 0 _aAbaddón el exterminador
260 _aBogotá :
_bPlaneta; 2001
300 _a492 p.
490 _aSeix Barral Biblioteca Breve
590 _aForma de adquisición : Premio Mincultura
650 1 4 _aNOVELA ARGENTINA
_92131
942 _2ddc
_cBK
999 _c28412
_d28412